000 00797cab a2200265 4500
001 WB3217-26
008 090401t1996 xxu||||| |||| 00| 0 eng d
035 _a(Sirsi) u7554
041 _aeng
245 _aUnlawful sublet
260 _c1996
350 _a0
490 _aEstates Gazette
_v(9617) 27 April 1996, 52(1)
520 _aThe High Court has ruled, for the first time, that a landlord can rely on management strategies and estates policies in refusing a tenants` application to sublet.
650 _aASSIGNMENT
650 _aBREACH OF CONTRACT
650 _aCONSENT TO ASSIGN
650 _aLEASES
650 _aMANAGEMENT STRATEGY
650 _aREFUSAL
650 _aRELIEF FROM FORFEITURE
690 _aPROPERTY-LANDLORD AND TENANT
942 _n0
948 _c04/03/1997
999 _c4578
_d4578